| 000 | 00371nam a2200133Ia 4500 | ||
|---|---|---|---|
| 005 | 20260328104249.0 | ||
| 008 | 260328s9999||||xx |||||||||||||| ||und|| | ||
| 100 | _aDhiru A, Thadani | ||
| 245 | 4 |
_aThe Language of Towns & Cities : _b a Visual dictionary / _cThadani Dhiru A |
|
| 260 | _bRizzoli | ||
| 300 | _a781 p. | ||
| 650 | _aDICCIONARIOS - ENCICLOPEDIAS | ||
| 942 | _cBK | ||
| 999 |
_c10198 _d10198 |
||